spanish verbs and conjugation - Statistics

General Stats
  • This quiz has been taken 115 times
  • The average score is 22 of 39
Answer Stats
In English Answer % Correct
divider (--) --
100%
divider(-) -
100%
to speak Hablar
95%
to sing Cantar
90%
to dance bailar
87%
to study estudiar
86%
to work trabajar
85%
to buy comprar
80%
to listen escuchar
79%
to eat comer
78%
to drink beber
76%
to swim nadar
76%
to read leer
74%
to run correr
69%
to write escribir
69%
to live vivir
68%
to visit visitar
67%
to learn apprender
66%
to believe creer
63%
to open abrir
61%
to look (at) mirar
61%
to sell vender
57%
to decide decidir
55%
to recieve recibir
53%
to walk caminar
52%
to understand comprender
49%
to cry llorar
41%
to wear llevar
40%
to jump saltar
31%
to prepare preperar
30%
to owe deber
25%
to play tocar
25%
to bake cocinar
24%
to go up subir
22%
to attend asistir
15%
to answer contestar
14%
to want desear
13%
to greet saludar
13%
to have a birthday cumplir anos
0%
No matching quizzes found
Score Distribution
Percent of People with Each Score
Percentile by Number Answered
Your Score History
You have not taken this quiz